| 000 | 00799nam a2200229 a 4500 | ||
|---|---|---|---|
| 001 | 000011201 | ||
| 005 | 20240412074224.0 | ||
| 008 | 091015t2000 dr r 001 p spa d | ||
| 020 | _z999340432 | ||
| 040 |
_aDO-SdBNP _bspa _cBNPHU |
||
| 082 |
_aRD861.44 _bR789r |
||
| 100 | 1 |
_aRosario Rodríguez, Manuel Aurelio _926763 |
|
| 245 | 1 | 0 |
_a33 rosas rojas ahogadas en un dilema de amor / _cManuel A. Rosario Rodríguez. |
| 246 | 1 | _aTreinta y tres rosas rojas ahogadas en un dilema de amor. | |
| 260 |
_aSanto Domingo : _bBúho, _c2000. |
||
| 300 |
_a166 p. ; _c22 cm. |
||
| 500 | _aIncluye datos biográficos del autor en las solapas. | ||
| 590 | _aInventariado, 2018/BT | ||
| 650 | 0 |
_aPoesía dominicana _966 |
|
| 650 | 0 |
_aLiteratura dominicana. _967 |
|
| 910 | _aValidado. Control de calidad. EMS | ||
| 999 |
_c10920 _d10920 |
||